| 000 | 00440nam a2200181Ia 4500 | ||
|---|---|---|---|
| 003 | GCL | ||
| 008 | 140319s9999 xx 000 0 eng d | ||
| 040 |
_aGCL / _cGCL |
||
| 082 | 0 | 4 |
_a709.0216 _bP M |
| 100 | 1 | _aPETZOLEL, ANDREAS | |
| 245 | 1 | 0 |
_aLE MONEDE ROMAN / _cPETZOLEL, ANDREAS |
| 260 |
_a[S.N] : _bFlam marion ، _c1995 |
||
| 300 | _a175 P | ||
| 650 | 0 | 4 | _aROMAN ART |
| 650 | 0 | 4 | _aARTS |
| 650 | 0 | 4 | _aROMAN ARTIST |
| 942 |
_2ddc _cBK |
||
| 999 |
_c15279 _d15279 |
||